Μαρξισμός και χριστιανισμός
Αποθηκεύτηκε σε:
| Κύριος συγγραφέας: | |
|---|---|
| Άλλοι συγγραφείς: | |
| Μορφή: | Βιβλίο |
| Γλώσσα: | Greek French |
| Δημοσίευση: |
Αθήνα :
Μήνυμα,
1977.
|
| Σειρά: | Διάλογος (Μήνυμα)
|
| Θέματα: | |
| Ετικέτες: |
Προσθήκη ετικέτας
Δεν υπάρχουν, Καταχωρήστε ετικέτα πρώτοι!
|
MARC
| LEADER | 00000cam a2200000 a 4500 | ||
|---|---|---|---|
| 001 | 1/124456 | ||
| 008 | 220301s1977####gr | ||| |||| ||gre|| | ||
| 040 | |a GR-MyUa |b gre |c GR-MyUa |e AACR2 | ||
| 041 | 1 | |a gre |h fre | |
| 082 | 7 | |a 335.4 |2 (23) | |
| 100 | 1 | |a Berdi︠a︡ev, Nikolaĭ, |d 1874-1948. | |
| 245 | 1 | 0 | |a Μαρξισμός και χριστιανισμός / |c Νικολάϊ Μπερδιάγεφ ; μετάφραση: Ε.Δ. Νιάνιος. |
| 246 | 1 | |i Άλλοι τίτλοι: |a Le marxism et la religion | |
| 260 | |a Αθήνα : |b Μήνυμα, |c 1977. | ||
| 300 | |a 53 σ. ; |c 22 εκ. | ||
| 490 | 1 | |a (Διάλογος / Μήνυμα ; |v 2) | |
| 500 | |a Τίτλος πρωτοτύπου: Le marxism et la religion. | ||
| 650 | 0 | |a Marxism. | |
| 650 | 0 | |a Communism and Christianity. | |
| 650 | 0 | |a Christianity and politics. | |
| 650 | 0 | |a Communism |x Religious aspects. | |
| 700 | 1 | |a Νιάνιος, Ευάγγελος Δ. |e trl | |
| 830 | 0 | |a Διάλογος (Μήνυμα) | |
| 970 | |a Σιδερή |b Νεκταρία |z 2022/03/01 | ||